000 00509nam a2200193Ia 4500
005 20250508151956.0
008 008 250505s9999 xx 000 0 eng d
037 _aBooks to be hide in OPAC
040 _aFEDL
_beng
_cFEDL
041 _aeng
_2eng
084 _a150, MUN/O
_qFEDL
100 _aMunn Norman L
245 0 _aPsychology:The fundamentals of human adjustment
250 _a3rd
260 _c1956
300 _axvi,542p.
942 _cHB
_h150, MUN/O
999 _c1333319
_d1333319